[Event "XIII Miquel Mas Open"]
[Site "Figueres ESP"]
[Date "2012.08.10"]
[Round "2.11"]
[White "Garbisu de Goni,U"]
[Black "Rebole Arbea,J"]
[Result "1-0"]
[WhiteElo "2461"]
[BlackElo "2188"]

1.e4 d5 2.exd5 Qxd5 3.Nc3 Qd8 4.d4 Nf6 5.g3 Bg4 6.Qd3 c6 7.Bg2 e6 8.Nf3 Bxf3
9.Bxf3 Nbd7 10.O-O Bd6 11.b3 Qc7 12.Ne4 Nxe4 13.Qxe4 Nf6 14.Qe2 O-O 15.Bb2 Qa5
16.a3 Qf5 17.Bg2 Rfe8 18.f4 Rab8 19.Rad1 c5 20.Kh1 Rec8 21.c4 Re8 22.dxc5 Bxc5
23.b4 Be7 24.Be5 Rbd8 25.Bxb7 Rxd1 26.Rxd1 h5 27.Bf3 g6 28.c5 a5 29.Qd3 Qh3
30.Bg2 Qg4 31.h3 Qf5 32.Qxf5 gxf5 33.Bxf6 Bxf6 34.bxa5 Be7 35.c6 Rc8 36.Rd7  1-0

[Event "Open ch-MKD 2012"]
[Site "Struga MKD"]
[Date "2012.08.10"]
[Round "7.7"]
[White "Nikolovski,Nikola"]
[Black "Petrov,G MKD"]
[Result "1/2-1/2"]
[WhiteElo "1917"]
[BlackElo "2206"]

1.e4 d5 2.exd5 Qxd5 3.Nc3 Qd6 4.d4 c6 5.Nf3 Bg4 6.Be2 Nf6 7.Be3 e6 8.Qd2 Qc7
9.h3 Bh5 10.g4 Bg6 11.Ne5 Bb4 12.Nxg6 hxg6 13.Bf4 Qa5 14.Qd3 Ne4 15.Bd2 Nxd2
16.Kxd2 Nd7 17.a3 Be7 18.Kc1 O-O-O 19.Kb1 Nf6 20.Qc4 Qb6 21.Rd1 Rxh3 22.b4 Nd5
23.Nxd5 exd5 24.Qa2 Rh2 25.Qb3 Bg5 26.Qf3 Qc7 27.Rf1 Rdh8 28.Bd3 Qf4 29.Qxf4 Bxf4
30.Kb2 Rg2 31.f3 Be3 32.Kc3 Bd2+ 33.Kb3 g5 34.Rh1 Rhh2 35.Raf1 g6 36.a4 b6
37.c4 Kd7 38.b5 Kd6 39.Rxh2 Rxh2 40.bxc6 Kxc6 41.cxd5+ Kxd5 42.Bc4+ Kxd4
43.Bxf7 Ke3 44.Bd5 Rh7 45.Be4 Rc7 46.Rh1 Rc3+ 47.Kb2 Rc4 48.Ka3 a5 49.Ra1 Bb4+
50.Kb3 Rc3+ 51.Kb2 Ke2 52.Rh1 Rxf3 53.Bxf3+ Kxf3 54.Rh6 Kxg4 55.Rxg6 Bc5
56.Kc3 Kf4 57.Kd3 g4 58.Rf6+ Kg5 59.Rf7 Kg6 60.Rf4 Kg5 61.Ke4 Bg1 62.Rf1 Bc5
63.Rf4 Kh5 64.Rf7 Kg6 65.Rf4 Kg5 66.Rf5+ Kh4 67.Rf7 Kh3 68.Rg7 Kh4  1/2-1/2

[Event "Prva liga RS seniori 2012"]
[Site "Banja Vrucica SRB"]
[Date "2012.08.11"]
[Round "1"]
[White "Savic,Miod1"]
[Black "Benkovic,P"]
[Result "1/2-1/2"]
[WhiteElo "2515"]
[BlackElo "2408"]

1.e4 d5 2.exd5 Qxd5 3.Nc3 Qd6 4.g3 Nf6 5.Bg2 Bg4 6.Nge2 c6 7.O-O e6 8.h3 Bh5
9.d3 Qc7 10.Qe1 Bd6 11.Nf4 Bg6 12.Ne4 Bxe4 13.dxe4 Nbd7 14.Nd3 Nc5 15.Nxc5 Bxc5
16.b4 Bb6 17.e5 Nd7 18.Bb2 a5 19.a3 O-O 20.c4 axb4 21.axb4 Rxa1 22.Qxa1 Qb8
23.c5 Bc7 24.f4 Rd8 25.Rd1 Nf8 26.h4 Ng6 27.Rxd8+ Bxd8 28.Qd1 Ne7 29.Qd7 g6
30.g4 Kf8 31.b5 Qc7 32.Qxc7 Bxc7 33.Kf2 Ke8 34.h5 Ba5 35.Be4 Kd7 36.bxc6+ Nxc6
37.f5 Bc7 38.fxg6 fxg6 39.hxg6 hxg6 40.Ke3 Nxe5 41.Bxe5 Bxe5 42.Bxb7 g5 43.Kd3  1/2-1/2

[Event "FSFMA1 August 2012"]
[Site "Budapest HUN"]
[Date "2012.08.11"]
[Round "8.6"]
[White "Zoldy,R"]
[Black "Grimm,G"]
[Result "1/2-1/2"]
[WhiteElo "1990"]
[BlackElo "2067"]

1.e4 d5 2.exd5 Qxd5 3.Nc3 Qd6 4.d4 c6 5.Bc4 Nf6 6.Nge2 Bg4 7.f3 Bf5 8.Bf4 Qd8
9.Ng3 Bg6 10.Nge4 e6 11.Nxf6+ Qxf6 12.Qd2 h6 13.O-O-O Nd7 14.d5 exd5 15.Bxd5 O-O-O
16.Be4 Bb4 17.Bxg6 Bxc3 18.bxc3 Qxg6 19.Qd4 Qf6 20.Bg3 Qxd4 21.cxd4 Nb6 22.c3 Rhe8
23.Rhe1 Kd7 24.Rxe8 Rxe8 25.Re1 Rxe1+ 26.Bxe1 Kd6 27.Kc2 Kd5 28.Kd3 Nc4 29.Bg3 b5
30.Bc7 a6 31.Bd8  1/2-1/2

[Event "TATA 14th IBCA Olympiad"]
[Site "Chennai IND"]
[Date "2012.08.13"]
[Round "4.1"]
[White "Dukaczewski,P"]
[Black "Meshkov,Y"]
[Result "0-1"]
[WhiteElo "2228"]
[BlackElo "2390"]

1.e4 d5 2.exd5 Qxd5 3.Nc3 Qd6 4.d4 Nf6 5.Nf3 a6 6.Bd3 g6 7.O-O Bg7 8.Re1 Nc6
9.h3 O-O 10.Be3 Nb4 11.Bc4 b5 12.Bb3 Bb7 13.a4 Nbd5 14.Nxd5 Nxd5 15.Bg5 e6
16.axb5 axb5 17.Qd3 Rxa1 18.Rxa1 h6 19.Bd2 Nf4 20.Qe3 g5 21.c3 Bd5 22.Bc2 Qc6
23.Bd1 Ra8 24.Rxa8+ Qxa8 25.Bc1 Qa1 26.Ne1 b4 27.Kh2 bxc3 28.bxc3 c5 29.dxc5 Bxc3
30.Nc2 Qa5 31.f3 Bc6 32.h4 Nd5 33.Qf2 Qc7+ 34.Kh1 Qe5 35.Be2 Ba4 36.Bd3 Bxc2
37.Bxc2 Be1 38.Qg1 Bxh4 39.c6 Qc3 40.Ba4 Qe5 41.Qd1 Bf2 42.Bb3 Qg3  0-1

[Event "Miguel Najdorf Open A"]
[Site "Warsaw POL"]
[Date "2012.08.13"]
[Round "8.10"]
[White "Nowicki,B"]
[Black "Stoma,P"]
[Result "0-1"]
[WhiteElo "2158"]
[BlackElo "2313"]

1.e4 d5 2.exd5 Qxd5 3.Nc3 Qd6 4.d4 Nf6 5.g3 g6 6.Bg2 Bg7 7.Nf3 Qa6 8.Bf4 c6
9.Ne5 O-O 10.Bf1 Qb6 11.Nc4 Qd8 12.Qd2 Be6 13.Ne5 Nd5 14.O-O-O f6 15.Nf3 Qa5
16.a3 Bg4 17.Be2 e5 18.Be3 Nxc3 19.Qxc3 Qxc3 20.bxc3 e4 21.Ng1 Be6 22.c4 Bf7
23.h4 Nd7 24.Kb2 Rfd8 25.Nh3 Nb6 26.Kb3 Nc8 27.Nf4 Ne7 28.Rd2 a5 29.Rhd1 a4+
30.Ka2 b5 31.d5 bxc4 32.Bxc4 Rdc8 33.Kb1 f5 34.Bd4 Rab8+ 35.Kc1 Bf8 36.Bb2 cxd5
37.Bxd5 Nxd5 38.Nxd5 Bxd5 39.Rxd5 Bh6+ 40.Kb1 Bg7 41.R1d4 Bxd4 42.Rxd4 Rd8
43.Rxa4 Rd2 44.Ra7 Rxf2 45.Rg7+ Kf8 46.Rxh7 Rf1+ 47.Ka2 Rxb2+ 48.Kxb2 e3
49.Rh8+ Ke7 50.Rh7+ Kd6 51.Rg7 e2 52.Rxg6+ Kd5 53.c4+ Kxc4  0-1

[Event "2nd Split Open 2012"]
[Site "Split CRO"]
[Date "2012.08.14"]
[Round "4.40"]
[White "Maras,A"]
[Black "Kolsek,Jan"]
[Result "1-0"]
[WhiteElo "2127"]
[BlackElo "1698"]

1.e4 d5 2.exd5 Qxd5 3.Nc3 Qd6 4.Nf3 Nf6 5.d4 g6 6.g3 Bg7 7.Bg2 c6 8.O-O O-O
9.Re1 Re8 10.a3 Nd5 11.Ne4 Qd8 12.c4 Nc7 13.Be3 Bg4 14.Qb3 b6 15.Ne5 Be6
16.Ng5 Bxe5 17.dxe5 Bf5 18.Rad1 Qc8 19.c5 Ne6 20.cxb6 axb6 21.Qxb6 Ra6 22.Qb4 c5
23.Qh4 h5 24.Nxe6 Bxe6 25.Bf1 Ra7 26.Rc1 Rc7 27.Bd2 Qd7 28.Bc3 Qc6 29.Qg5 Bc8
30.Bg2 Qe6 31.Qh6 Rb7 32.Bh3 f5 33.exf6 Qf7 34.Bxc8 Rxc8 35.fxe7 Rxe7 36.Qh8+  1-0

[Event "2nd Split Open 2012"]
[Site "Split CRO"]
[Date "2012.08.14"]
[Round "4.17"]
[White "Buiano,F"]
[Black "Piskur,M"]
[Result "0-1"]
[WhiteElo "2037"]
[BlackElo "2309"]

1.e4 d5 2.exd5 Qxd5 3.Nc3 Qd8 4.d4 g6 5.Nf3 Bg7 6.Bc4 Nh6 7.Be3 Nf5 8.Qd2 O-O
9.O-O Nd7 10.Rad1 Nb6 11.Bb3 a5 12.a4 c6 13.Rfe1 Nd5 14.Qe2 Nfxe3 15.fxe3 Bh6
16.Qf2 Bg4 17.e4 Nxc3 18.bxc3 Qc7 19.Rd3 Bxf3 20.Rxf3 e6 21.Rf1 c5 22.dxc5 Rac8
23.Rd1 Bg7 24.Rfd3 Qe5 25.Rd7 Rxc5 26.Rxb7 Qxc3 27.g3 Rc7 28.Rxc7 Qxc7 29.Qd2 h5
30.Qd3 h4 31.Kg2 Qe5 32.Qf3 hxg3 33.hxg3 Qc7 34.Qd3 Be5 35.Kf2 Qe7 36.Kg2 Qg5
37.Qf3 Qe7 38.Qd3 Kg7 39.Qf3 Rh8 40.Rh1 Rb8 41.Qe3 Kg8 42.Qh6 Rd8 43.Qh7+ Kf8
44.Qh6+ Bg7 45.Qf4 Qf6 46.Rf1 Qxf4 47.gxf4 Ke7 48.e5 Rd4 49.Kf3 Bh6 50.Ke3 Rb4
51.Rf3 f6 52.exf6+ Kxf6 53.Ke2 Bxf4 54.Rd3 g5 55.Rd7 g4 56.Ra7 Re4+ 57.Kf1 g3
58.Rxa5 Rd4 59.c4 Rd2  0-1

[Event "Husek Vienna Open A"]
[Site "Vienna AUT"]
[Date "2012.08.14"]
[Round "2"]
[White "Higatsberger,M"]
[Black "Manea,Al"]
[Result "0-1"]
[WhiteElo "2164"]
[BlackElo "2377"]

1.e4 d5 2.exd5 Qxd5 3.Nc3 Qd8 4.g3 g6 5.Bg2 Bg7 6.Nge2 h5 7.h3 Nc6 8.d3 Bf5
9.Be3 Nf6 10.Qd2 Qd6 11.Nb5 Qd7 12.O-O-O a6 13.Nbd4 Nxd4 14.Nxd4 c6 15.Kb1 Nd5
16.Nxf5 Qxf5 17.Bg5 Bf6 18.Bxf6 Qxf6 19.Rhe1 O-O-O 20.h4 Kb8 21.Re4 Rd6 22.Rde1 e6
23.Qg5 Qxf2 24.Bh3 Rhd8 25.d4 Nf6 26.Qf4 Nxe4  0-1

[Event "Prva liga RS seniori 2012"]
[Site "Banja Vrucica SRB"]
[Date "2012.08.15"]
[Round "5"]
[White "Savanovic,A"]
[Black "Milanovic,Da"]
[Result "1/2-1/2"]
[WhiteElo "2412"]
[BlackElo "2507"]

1.e4 d5 2.exd5 Qxd5 3.Nc3 Qd6 4.d4 Nf6 5.Nf3 c6 6.Ne5 Nbd7 7.Bf4 Nd5 8.Nxd5 Qxd5
9.Nf3 Nb6 10.Be2 Bf5 11.Bg3 e6 12.O-O Be7 13.a4 a5 14.Ne5 Qd8 15.c3 Nd5 16.Bf3 Ra6
17.Re1 O-O 18.Nc4 h6 19.Qb3 Bd3 20.Ne5 Rb6 21.Qd1 Bh7 22.Nc4 Ra6 23.Qb3 Bd3
24.Ne5 Rb6 25.Qd1 Bh7 26.Nc4 Ra6 27.Qb3 Bd3 28.Ne5 Rb6 29.Qd1 Bh7 30.Nc4  1/2-1/2

[Event "Prva liga RS seniori 2012"]
[Site "Banja Vrucica SRB"]
[Date "2012.08.16"]
[Round "6"]
[White "Stojicic,S"]
[Black "Spasenovic,Z"]
[Result "0-1"]
[WhiteElo "2134"]
[BlackElo "2143"]

1.e4 d5 2.exd5 Qxd5 3.Nc3 Qd6 4.d4 Nf6 5.h3 c6 6.Nf3 Bf5 7.Bd3 Bxd3 8.Qxd3 Nbd7
9.Be3 e6 10.O-O Qc7 11.Ng5 h6 12.Nge4 Nd5 13.Nxd5 cxd5 14.Nd2 Rc8 15.c3 Bd6
16.f4 f5 17.Nf3 O-O 18.Rae1 Nf6 19.Ne5 Ne4 20.Bc1 a6 21.Qf3 b5 22.Qh5 Bxe5
23.fxe5 Qf7 24.Qf3 a5 25.a3 Rc4 26.Qd3 Qg6 27.Bd2 Rfc8 28.Rc1 Qe8 29.Kh2 R8c7
30.Rg1 Qh5 31.Rgf1 g5 32.g3 a4 33.Rce1 b4 34.axb4 a3 35.Rc1 axb2  0-1

[Event "2nd Split Open 2012"]
[Site "Split CRO"]
[Date "2012.08.16"]
[Round "6.18"]
[White "Muskardin,M"]
[Black "Piskur,M"]
[Result "1/2-1/2"]
[WhiteElo "2211"]
[BlackElo "2309"]

1.e4 d5 2.exd5 Qxd5 3.Nc3 Qd8 4.d4 Nf6 5.Bc4 a6 6.Bg5 b5 7.Bb3 Bb7 8.Nf3 e6
9.O-O Be7 10.Qe2 O-O 11.Rfe1 h6 12.Bh4 Nbd7 13.Rad1 b4 14.Na4 Nd5 15.Bg3 Bd6
16.Ne5 Bxe5 17.dxe5 Qe7 18.Qg4 Qg5 19.Qd4 Qe7 20.Bh4 g5 21.Bg3 Kg7 22.h4 Rg8
23.c4 N5b6 24.c5 Nd5 25.Bxd5 Bxd5 26.Qxb4 Rab8 27.Qd4 a5 28.a3 Bc6 29.hxg5 hxg5
30.Rc1 Qf8 31.Rc2 Rh8 32.Nc3 Qg8 33.f3 Qh7 34.Rd2 a4 35.Red1 Qf5 36.Qd3 Nf8
37.Re1 Ng6 38.Ne2 Rb3 39.Qxb3 axb3 40.Nd4 Ne7 41.Nxf5+ Nxf5 42.Kf2 Ra8 43.Rd3 Bd5
44.Rc1 c6 45.Rcc3 Rb8 46.Bh2 Ne7 47.Rd4 Kg6 48.Rb4 Rd8 49.g4 Rh8 50.Kg2 f5
51.exf6 Kxf6 52.Rb7 Ng6 53.Bg3 e5 54.Rcxb3 Nf4+ 55.Bxf4 gxf4 56.Rc3 e4 57.fxe4 Bxe4+
58.Kg1 Rh1+ 59.Kf2 Rh2+ 60.Ke1 Rh1+ 61.Kf2 Rh2+  1/2-1/2

[Event "EY Boys U16 2012"]
[Site "Prague CZE"]
[Date "2012.08.17"]
[Round "1.40"]
[White "Aartun,Eivind"]
[Black "Martins,Dav"]
[Result "0-1"]
[WhiteElo "1826"]
[BlackElo "2123"]

1.e4 d5 2.exd5 Qxd5 3.Nc3 Qd6 4.Nf3 Nf6 5.d4 c6 6.g3 g6 7.Bg2 Bg7 8.O-O O-O
9.Re1 Bg4 10.Bg5 Nbd7 11.h3 Bxf3 12.Qxf3 e6 13.Rad1 Qb4 14.b3 Qa5 15.Qe3 Nd5
16.Nxd5 cxd5 17.a4 Rac8 18.Re2 Rc3 19.Rd3 Rxd3 20.Qxd3 Rc8 21.Bd2 Qb6 22.Be3 a6
23.c4 dxc4 24.bxc4 Qb4 25.c5 Rd8 26.Qe4 Qxa4 27.Qxb7 Rb8 28.Qf3 Qd1+ 29.Kh2 Rb1
30.h4 Bxd4 31.Bxd4 Qxd4 32.Qa8+ Rb8 33.Qa7 Rc8 34.c6 Qxa7  0-1

[Event "LBV Open A 2012"]
[Site "Roosendaal NED"]
[Date "2012.08.17"]
[Round "2.9"]
[White "Provoost,S"]
[Black "Kasparov,S"]
[Result "0-1"]
[WhiteElo "2247"]
[BlackElo "2490"]

1.e4 d5 2.exd5 Qxd5 3.Nc3 Qd6 4.d4 Nf6 5.Nf3 c6 6.g3 Bf5 7.Bg2 e6 8.O-O h6
9.Bf4 Qd8 10.Ne5 Be7 11.Re1 O-O 12.Nc4 Na6 13.a3 Nc7 14.Na5 Qc8 15.Qe2 Ncd5
16.Nxd5 Nxd5 17.Bd2 Rd8 18.c4 Nf6 19.Bc3 Qc7 20.b4 Rac8 21.h3 Qd7 22.Rad1 b6
23.Nb3 Qc7 24.Qb2 Rd7 25.Bd2 Qd8 26.g4 Bg6 27.Qc1 Ne8 28.Bf4 Bg5 29.Bxg5 Qxg5
30.f4 Qh4 31.Qc3 h5 32.f5 exf5 33.Bxc6 Rxc6 34.Rxe8+ Kh7 35.Qf3 Rxc4 36.Qa8 Qg3+
37.Kf1 Qxh3+ 38.Ke1 Re7+ 39.Rxe7 Qh4+  0-1

[Event "14th Sants Open A"]
[Site "Barcelona ESP"]
[Date "2012.08.18"]
[Round "2.10"]
[White "Cuartas,Ja"]
[Black "Valli,F"]
[Result "1-0"]
[WhiteElo "2521"]
[BlackElo "2258"]

1.e4 d5 2.exd5 Qxd5 3.Nc3 Qd6 4.d4 Nf6 5.Nf3 c6 6.g3 Bf5 7.Bg2 h6 8.O-O e6
9.Bf4 Qd8 10.Qe2 Be7 11.Rfd1 O-O 12.Ne5 Nbd7 13.g4 Bh7 14.Bg3 Nb6 15.f4 Nbd5
16.Na4 Nb4 17.g5 Bxc2 18.gxf6 gxf6 19.Qg4+ Kh7 20.Nxf7 Rxf7 21.Qxe6 Kg7 22.Qg4+ Kh8
23.Qh5 Rh7 24.Nc5 Bxd1 25.Rxd1 Bxc5 26.dxc5 Qe7 27.Qf5 Rd8 28.Re1 Qf8 29.Be4 Rf7
30.Bh4 Rd2 31.Bxf6+ Kg8 32.Qg6+ Rg7 33.Bxg7 Qxg7 34.Bd5+ Nxd5 35.Re8+  1-0

[Event "EY Girls U18 2012"]
[Site "Prague CZE"]
[Date "2012.08.18"]
[Round "2.3"]
[White "Turkova,K"]
[Black "Rakhmangulova,A"]
[Result "1/2-1/2"]
[WhiteElo "2004"]
[BlackElo "2234"]

1.e4 d5 2.exd5 Qxd5 3.Nc3 Qd6 4.d4 Nf6 5.Nf3 Bg4 6.h3 Bh5 7.g4 Bg6 8.Ne5 Nbd7
9.Nxg6 hxg6 10.Qf3 c6 11.Be3 Nb6 12.O-O-O Nbd5 13.Nxd5 Qxd5 14.Qxd5 Nxd5
15.Bd2 e6 16.c4 Nf6 17.Be2 O-O-O 18.Be3 Bd6 19.h4 Rh7 20.Rh3 Rdh8 21.Rdh1 Kd7
22.h5 Be7 23.h6 gxh6 24.Rxh6 Rxh6 25.Rxh6 Rxh6 26.Bxh6 Ne4 27.Be3 f5 28.Kc2 Bh4
29.f3 Nf6 30.Kd3 g5 31.a3 Kd6 32.Bd2 b6 33.b4 b5 34.Bd1 a6 35.Be2 Kc7 36.Bd1 bxc4+
37.Kxc4 Nd5 38.Bc2 f4 39.Kc5 Nb6 40.Bb3 e5 41.Bc2 Bf2 42.Bc3 Be3 43.Bb2 Bg1
44.Bc3 Nd5 45.Ba1 Ne3 46.Bd3 Bf2 47.Bb2 Bg1 48.Ba1 Kb7 49.Kd6 exd4 50.Bxd4 Nc4+
51.Bxc4 Bxd4  1/2-1/2

[Event "EY Girls U18 2012"]
[Site "Prague CZE"]
[Date "2012.08.18"]
[Round "2.27"]
[White "Haitovich,A"]
[Black "Wladyka,Angelika"]
[Result "0-1"]
[WhiteElo "1874"]
[BlackElo "1658"]

1.e4 d5 2.exd5 Qxd5 3.Nc3 Qd6 4.Nf3 Nf6 5.h3 c6 6.d4 Bf5 7.Ne5 e6 8.a4 a5
9.Nc4 Qc7 10.Bd3 Bxd3 11.Qxd3 Bb4 12.O-O Nbd7 13.Ne2 Nb6 14.Nxb6 Qxb6 15.Qg3 Be7
16.Qxg7 Rg8 17.Qh6 O-O-O 18.c3 Rg6 19.Qd2 Rdg8 20.g3 h5 21.Kh2 Qc7 22.Qd3 h4
23.Bf4 hxg3+ 24.fxg3 Qd8 25.Rf3 Rh8 26.Kg2 Qd5 27.Be5 Qb3 28.Qd2 Rhg8 29.Nc1 Qd5
30.Ne2 Ne4 31.Qd3 f5 32.c4 Qd8 33.Nf4 Rxg3+ 34.Rxg3 Rxg3+ 35.Qxg3 Nxg3 36.Kxg3 Bf6
37.Bxf6 Qxf6 38.Rd1 e5 39.dxe5 Qxe5 40.Rf1 Qxb2 41.h4 Qg7+ 42.Kf3 Qg4+ 43.Ke3 Qxh4
44.Kd4 Qf6+ 45.Kd3 Qd6+ 46.Ke3 Qa3+ 47.Kd4 Qxa4 48.Rc1 Qb4 49.Nd3 Qd6+ 50.Ke3 a4
51.c5 Qe6+ 52.Kd2 a3 53.Re1 Qd5 54.Ra1 Qb3 55.Re1 a2 56.Rc1 Qb1  0-1

[Event "2nd Split Open 2012"]
[Site "Split CRO"]
[Date "2012.08.18"]
[Round "8.16"]
[White "Kiselev,AS"]
[Black "Bender,I"]
[Result "1-0"]
[WhiteElo "2191"]
[BlackElo "2275"]

1.e4 d5 2.exd5 Qxd5 3.Nc3 Qd6 4.d4 Nf6 5.Nf3 c6 6.g3 Bg4 7.Bg2 e6 8.O-O Be7
9.h3 Bxf3 10.Bxf3 O-O 11.Bf4 Qd8 12.Qd3 Na6 13.a3 Nc7 14.Rad1 Ncd5 15.Bc1 Nxc3
16.Qxc3 Qb6 17.Qc4 Rfd8 18.c3 Rd7 19.Qe2 h6 20.Qc2 Rad8 21.Kg2 a5 22.b4 Ra8
23.Be2 Qd8 24.Bc4 axb4 25.axb4 b5 26.Ba2 Rda7 27.Bb1 Qd5+ 28.Kg1 Bf8 29.Rde1 g6
30.Re5 Qd7 31.Rfe1 Bg7 32.R5e3 Ra1 33.Bb2 R1a4 34.Bc1 Nd5 35.Rf3 Nb6 36.h4 h5
37.Qe4 Ra1 38.Bb2 R1a7 39.Bc1 Qd5 40.Qe2 Nc4 41.Be4 Qd7 42.Bd3 Ra2 43.Qe4 Nd6
44.Qf4 Ra1 45.Rfe3 Nc4 46.Bxc4 bxc4 47.R3e2 Qd5 48.Qe4 Qxe4 49.Rxe4 Rb1 50.Bf4 Rb3
51.Rc1 Raa3 52.Re3 Bf8 53.Kf1 Be7 54.Ke1 Kf8 55.Rc2 Ke8 56.Kd2 Kd7 57.Re1 Kc8
58.Re4 Kb7 59.Bg5 Bd6 60.Bf6 Bf8 61.Bg5 Kb6 62.Bd8+ Kb7 63.Bg5 Kc8 64.Re1 Bd6
65.Bf6 Kb7 66.Be5 Bf8 67.Bf4 Kb6 68.Bg5 Bg7 69.Bf4 Kb5 70.Bg5 Ra7 71.Bf4 Rba3
72.Bg5 Ra1 73.Rxa1 Rxa1 74.Rc1 Ra3 75.Rc2 Ka4 76.Rc1 Ra2+ 77.Rc2 Ra1 78.Rc1 Rxc1
79.Kxc1 Kb3 80.Kd2 e5 81.d5 cxd5 82.b5 Bf8 83.b6 d4 84.cxd4 c3+ 85.Kd3 exd4
86.b7 Bd6 87.Bf4 c2 88.Bxd6 c1=Q 89.b8=Q+ Ka2 90.Qa7+ Kb3 91.Qb6+ Ka2 92.Qa5+  1-0

[Event "25th Panevezys Open"]
[Site "Panevezys LTU"]
[Date "2012.08.19"]
[Round "9.4"]
[White "Svitojus,Z"]
[Black "Juknis,P"]
[Result "1/2-1/2"]
[WhiteElo "2002"]
[BlackElo "2144"]

1.e4 d5 2.exd5 Qxd5 3.Nc3 Qd6 4.Nf3 Nf6 5.h3 a6 6.d4 Nbd7 7.Bd3 b5 8.a4 b4
9.Ne4 Qd5 10.c4 bxc3 11.Nxc3 Qd6 12.O-O Bb7 13.Re1 e6 14.Ne4 Nxe4 15.Bxe4 Bxe4
16.Rxe4 Nf6 17.Bf4 Qb6 18.Re2 Bd6 19.Be5 Bxe5 20.dxe5 Nd5 21.a5 Qb7 22.Qa4+ Qb5
23.Qxb5+ axb5 24.Nd4 b4 25.Rc2 Ra6 26.Nb5 Kd7 27.Nd4 Rha8 28.Nb3 Ke7  1/2-1/2

[Event "LBV Open A 2012"]
[Site "Roosendaal NED"]
[Date "2012.08.19"]
[Round "6.2"]
[White "Haslinger,S"]
[Black "Tiviakov,S"]
[Result "0-1"]
[WhiteElo "2524"]
[BlackElo "2674"]

1.e4 d5 2.exd5 Qxd5 3.Nc3 Qd6 4.d4 Nf6 5.Nf3 c6 6.Ne5 Be6 7.Bf4 Qd8 8.Be2 g6
9.Qd2 Nbd7 10.Nf3 Bg7 11.Bh6 Bxh6 12.Qxh6 Nb6 13.O-O Qd6 14.h3 O-O-O 15.Rad1 Nbd5
16.Nxd5 Nxd5 17.Bc4 f6 18.Bxd5 cxd5 19.Qe3 Rhe8 20.Rfe1 Bf7 21.Qh6 Bg8 22.Qd2 Rd7
23.Re3 Kb8 24.Rde1 Bf7 25.Qa5 g5 26.Ra3 b6 27.Qb5 Rc8 28.Qe2 Bg6 29.c3 h5
30.Nd2 Re8 31.Qe6 Qc7 32.Nf1 Rd6 33.Qe3 Qd7 34.Qd2 Kb7 35.Rb3 Rc8 36.a4 Ka8
37.a5 bxa5 38.Ra3 a4 39.Rea1 Ra6 40.Ne3 Be8 41.Qe2 Qb7 42.Qf3 Rd6 43.R3a2 h4
44.Nc2 e5 45.dxe5 fxe5 46.Qf5 d4 47.Qxe5 Rd5 48.Qf6 dxc3 49.bxc3 Rb5 50.Nb4 Rbc5
51.Re2 Bd7 52.Re7 Rxc3 53.Qxg5 a3 54.Rd1 R3c7 55.Nd5 Rc5 56.Qd2 Rc2 57.Qe3 a2
58.Qa3 Qb2 59.Nb6+ Qxb6  0-1

[Event "12th ch-Euro Seniors"]
[Site "Kaunas LTU"]
[Date "2012.08.20"]
[Round "3.22"]
[White "Gousseinov,A"]
[Black "Tchetchelnitski,B"]
[Result "1/2-1/2"]
[WhiteElo "2017"]
[BlackElo "2195"]

1.e4 d5 2.exd5 Qxd5 3.Nc3 Qd6 4.d4 Nf6 5.Be2 c6 6.Nf3 Bf5 7.Ne5 h6 8.Bf4 Qd8
9.Qd2 e6 10.a3 Nbd7 11.g4 Ne4 12.Nxe4 Bxe4 13.f3 Bh7 14.h4 Nxe5 15.Bxe5 f6
16.Bf4 Bd6 17.O-O-O Qc7 18.Bxd6 Qxd6 19.Bd3 Bxd3 20.Qxd3 O-O-O 21.Qe4 Rhe8
22.h5 Qd5 23.Qxd5 Rxd5 24.c3 c5 25.dxc5 Rxc5 26.Rd6 e5 27.Rhd1 Re7 28.Kd2 Kc7
29.Ke3 Rc4 30.Rd8 Rf4 31.Rg8 f5 32.gxf5 Rxf5 33.Rg1 Rxh5 34.R8xg7 Rxg7 35.Rxg7+ Kc6
36.Rg6+ Kd5  1/2-1/2

[Event "EY Girls U18 2012"]
[Site "Prague CZE"]
[Date "2012.08.20"]
[Round "4.23"]
[White "Grigoryan,Julieta"]
[Black "Wladyka,Angelika"]
[Result "1-0"]
[WhiteElo "1838"]
[BlackElo "1658"]

1.e4 d5 2.exd5 Qxd5 3.Nc3 Qd6 4.Bc4 Nf6 5.d3 c6 6.Nge2 Bf5 7.Bf4 Qd8 8.f3 e6
9.g4 Bg6 10.Qd2 Nbd7 11.h4 h5 12.g5 Nd5 13.Bxd5 cxd5 14.Qe3 Bc5 15.d4 Be7
16.O-O-O a6 17.Bh2 b5 18.Nf4 Bf5 19.Rhe1 Rc8 20.Nfxd5 exd5 21.Bd6 Be6 22.Bxe7 Qxe7
23.Nxd5 Qd6 24.Nf4 O-O 25.Nxe6 fxe6 26.Qxe6+ Qxe6 27.Rxe6 Rxf3 28.Rxa6 Rf2
29.c3 b4 30.Rd3 bxc3 31.bxc3 Re8 32.Rd2 Rf1+ 33.Kc2 Rc8 34.Rd6 Nb8 35.d5 Kf7
36.Re6 Rf3 37.Rd3 Rf5 38.g6+ Kf8 39.d6 Nd7 40.Re7 Rd8 41.Rde3 Nb6 42.R3e4 Rf6
43.R7e6 Rxe6 44.Rxe6 Nc4 45.Re4 Nxd6 46.Re5 Nb7 47.Rxh5 Ke7 48.Rf5 Nd6 49.Rf4 Ke6
50.a4 Ke5 51.Rf1 Ra8 52.Kb3 Ra6 53.h5 Ne4 54.Rf7 Nf6 55.h6 gxh6 56.g7 h5
57.Rxf6 Ra8 58.Rf8  1-0

[Event "ZMDI Open A 2012"]
[Site "Dresden GER"]
[Date "2012.08.21"]
[Round "4"]
[White "Kieslich,Aaron"]
[Black "Siedentopf,D"]
[Result "1/2-1/2"]
[WhiteElo "1987"]
[BlackElo "2301"]

1.e4 d5 2.exd5 Qxd5 3.Nc3 Qd6 4.d4 Nf6 5.Bc4 a6 6.Nge2 e6 7.O-O b5 8.Bb3 Bb7
9.Bf4 Qd7 10.Ng3 Be7 11.Qd2 O-O 12.Rad1 Rd8 13.Qe2 Nd5 14.Nxd5 Bxd5 15.Rfe1 Nc6
16.Bxd5 exd5 17.Be5 Nxe5 18.Qxe5 Bf8 19.Nh5 Re8 20.Qg5 Kh8 21.Nf4 Rxe1+ 22.Rxe1 Re8
23.Rxe8 Qxe8 24.Kf1 c6 25.Nd3 f6 26.Qf5 Bd6 27.Nf4 Bxf4 28.Qxf4 Kg8  1/2-1/2

[Event "12th World Uni Men"]
[Site "Guimaraes POR"]
[Date "2012.08.21"]
[Round "3.1"]
[White "Terao,R"]
[Black "Tomczak,J"]
[Result "1/2-1/2"]
[WhiteElo "2383"]
[BlackElo "2560"]

1.e4 d5 2.exd5 Qxd5 3.Nc3 Qd6 4.d4 Nf6 5.Bc4 a6 6.Bb3 Nc6 7.Nge2 e5 8.dxe5 Qxd1+
9.Nxd1 Nxe5 10.Bf4 Bd6 11.Ndc3 h6 12.Bg3 O-O 13.O-O-O Nh5 14.f3 Nxg3 15.Nxg3 Ng6
16.Nge4 Bf4+ 17.Kb1 Bf5 18.Ng3 Bxg3 19.hxg3 Rfe8 20.Bd5 Rab8 21.Be4 Bxe4
22.Nxe4 Nf8 23.g4 Ne6 24.Rd2 Rbd8 25.Kc1 Rxd2 26.Kxd2 Kf8 27.c3 Rd8+ 28.Ke3 Rd5
29.g3 Ke7 30.Rh2 Rd1 31.Rd2 Rxd2  1/2-1/2

[Event "21st Feffernitz Open"]
[Site "Feffernitz AUT"]
[Date "2012.08.22"]
[Round "5.5"]
[White "Praznik,A"]
[Black "Okhotnik,V"]
[Result "0-1"]
[WhiteElo "2138"]
[BlackElo "2423"]

1.e4 d5 2.exd5 Qxd5 3.Nc3 Qd8 4.g3 g6 5.Bg2 Bg7 6.Nge2 Nc6 7.h3 h5 8.d3 Nh6
9.Bg5 Nf5 10.Qc1 Ncd4 11.O-O Nxe2+ 12.Nxe2 O-O 13.Re1 f6 14.Bd2 e5 15.Kh2 c6
16.Nc3 Be6 17.f4 Nd4 18.Ne4 exf4 19.gxf4 Bd5 20.c3 Nf5 21.c4 Bf7 22.Qc2 Qc7
23.Rf1 Rad8 24.Rae1 Nd4 25.Qc1 Be6 26.Kh1 Bf5 27.Rd1 Ne2 28.Qc2 Bxe4 29.dxe4 Ng3+
30.Kg1 Nxf1 31.Rxf1 Qb6+ 32.c5 Qb5 33.Be3 Rf7 34.Bf3 Qd3 35.Qf2 Rfd7 36.Kh2 Qc4
37.Rg1 Kh7 38.Qg3 Qf7 39.Be2 Bh6 40.Bc4 Qe8 41.Qf3 Re7 42.f5 g5 43.Be6 Rxe6
44.fxe6 Qxe6 45.Qf5+ Qxf5 46.exf5 Rd3 47.Re1 g4 48.Bxh6 Rxh3+ 49.Kg2 Kxh6
50.Re7 Rd3 51.Rxb7 h4 52.a4 Rd2+  0-1

[Event "24th Schlosspark Open"]
[Site "Wiesbaden GER"]
[Date "2012.08.24"]
[Round "3.1"]
[White "Korneev,O"]
[Black "Chandler,P"]
[Result "1-0"]
[WhiteElo "2581"]
[BlackElo "2218"]

1.e4 d5 2.exd5 Qxd5 3.Nc3 Qd6 4.d4 Nf6 5.Nf3 c6 6.Ne5 Be6 7.Bf4 Qd8 8.Qd2 Nbd7
9.O-O-O Qa5 10.Nxd7 Bxd7 11.Kb1 e6 12.a3 Be7 13.Bc4 Qd8 14.Be5 b5 15.Bb3 O-O
16.Bxf6 Bxf6 17.Ne4 Be7 18.h4 a5 19.Ng5 h6 20.f4 Re8 21.Qd3 Bf6 22.g4 a4
23.Ba2 hxg5 24.hxg5 Bxg5 25.fxg5 Qxg5 26.Rh5 Qxg4 27.Rhh1 Qg6 28.Qh3 Kf8
29.Rdg1 Qf5 30.Qg3 Ke7 31.Rf1 Qg6 32.Qc7 Rac8 33.Qa7 Rg8 34.Qc5+ Ke8 35.Qd6 Rf8
36.Rhg1 Qh6 37.Rh1 Qg6 38.Rhg1 Qh6 39.Qe5 Rg8 40.Rh1 Qg6 41.Rhg1 Qh6 42.Rg2 g6
43.Rgf2 Qg7 44.Rf6 g5 45.Ka1 g4 46.Qf4 Rf8 47.Qg3 Rg8 48.c3 Rh8 49.Qf4 Rf8
50.Qg3 Rg8 51.Bb1 Ke7 52.Qh4 Ke8 53.Qh5 Kd8 54.Rxf7 Qg5 55.Qh7 Be8 56.Ra7  1-0

[Event "EY Girls U18 2012"]
[Site "Prague CZE"]
[Date "2012.08.25"]
[Round "9.2"]
[White "Lach,A"]
[Black "Rakhmangulova,A"]
[Result "1/2-1/2"]
[WhiteElo "2157"]
[BlackElo "2234"]

1.e4 d5 2.exd5 Qxd5 3.Nc3 Qd6 4.d4 Nf6 5.Nf3 Bg4 6.h3 Bh5 7.Nb5 Qb6 8.g4 Bg6
9.c4 a6 10.Nc3 Nc6 11.c5 Qa7 12.Ne5 Nxe5 13.dxe5 Nd7 14.c6 bxc6 15.e6 Ne5
16.exf7+ Bxf7 17.Qe2 Qd4 18.Be3 Qb4 19.O-O-O Rb8 20.Qd2 g5 21.Ba7 Ra8 22.Qd4 Qa5
23.Bg2 Bg7 24.Bxc6+ Nxc6 25.Qd7+ Kf8 26.Qxc6 Bxc3 27.Qxa8+ Kg7 28.Qb7 Bxa2
29.Rd7 Bf6 30.Rhd1 Qa4 31.Rxc7 Bf7 32.Rd3 Qa1+ 33.Kd2 Bxb2 34.Ke2 Bf6 35.h4 h6
36.Rxe7 Qa2+ 37.Kf3 Bxe7 38.Qxe7 Rf8 39.hxg5 Kg8 40.Kg3 Qb1 41.Rf3 Qg1+ 42.Kh4 h5
43.Rg3 Qh2+ 44.Rh3 Qf4 45.f3 hxg4 46.fxg4 Kg7 47.Qf6+ Qxf6 48.gxf6+ Kxf6
49.Rf3+ Ke5 50.Kg3 Ke6 51.g5 Rc8 52.Rf6+ Ke7 53.Rxa6 Rc4 54.Be3 Be6 55.Ra7+ Kf8
56.Kf3 Bd5+ 57.Kg3 Be6 58.Rh7 Bf7 59.Rh6 Kg7 60.Rd6 Re4 61.Bd4+ Kf8 62.Bc5 Kg7
63.Kf3 Re6 64.Rd2 Kg6 65.Kf4 Rc6 66.Be7 Re6 67.Bd8 Re8 68.Bf6 Re1 69.Rh2 Rf1+
70.Ke5 Re1+ 71.Kf4 Rf1+ 72.Ke4 Re1+ 73.Kf4 Rf1+ 74.Ke5 Re1+ 75.Kd6 Rd1+ 76.Ke7 Re1+
77.Kd6 Rd1+  1/2-1/2

[Event "EY Girls U18 2012"]
[Site "Prague CZE"]
[Date "2012.08.25"]
[Round "9.25"]
[White "Urbonaviciute,Z"]
[Black "Wladyka,Angelika"]
[Result "1/2-1/2"]
[WhiteElo "1763"]
[BlackElo "1658"]

1.e4 d5 2.exd5 Qxd5 3.Nc3 Qd6 4.d4 Nf6 5.Nf3 c6 6.g3 Bg4 7.Bg2 e6 8.O-O Qc7
9.Bf4 Bd6 10.Bxd6 Qxd6 11.h3 Bxf3 12.Bxf3 O-O 13.Ne4 Nxe4 14.Bxe4 Nd7 15.Bg2 Nf6
16.c3 Nd5 17.a4 Rad8 18.Qb3 Qc7 19.Rfd1 Rfe8 20.Rac1 Nf6 21.c4 Qe7 22.a5 a6
23.Qc3 Rd6 24.Rd2 Red8 25.Rcd1 Qc7 26.b4 h6 27.Qb2 R6d7 28.Bf3 Rd6 29.Bg2 R6d7
30.Qa2 Qd6 31.Qa4 Qc7 32.b5 axb5 33.cxb5 cxb5 34.Qxb5 Ra8 35.Ra1 Nd5 36.Rb2 Ra6
37.Kh2 h5 38.h4 g6 39.Ra3 Ra8 40.Ra1 Ra6 41.Ra3 Ra8 42.Ra1  1/2-1/2